Classes of linear operators (Record no. 755161)
[ view plain ]
| 000 -LEADER | |
|---|---|
| fixed length control field | 00689nam a22002177a 4500 |
| 020 ## - INTERNATIONAL STANDARD BOOK NUMBER | |
| ISBN | 9783034875110 |
| 100 ## - MAIN ENTRY--AUTHOR NAME | |
| Personal name | Gohberg, Israel |
| 245 ## - TITLE STATEMENT | |
| Title | Classes of linear operators |
| Sub Title | Vol. I |
| 260 ## - PUBLICATION, DISTRIBUTION, ETC. (IMPRINT) | |
| Place of publication | Switzerland |
| Name of publisher | Springer |
| Year of publication | 1990 |
| 300 ## - PHYSICAL DESCRIPTION | |
| Number of Pages | xiii+468 |
| 490 ## - SERIES STATEMENT | |
| Series statement | Operator theory: Advances and applications |
| 500 ## - GENERAL NOTE | |
| General note | Operator theory: Advances and applications - Vol. 49 |
| 650 ## - SUBJECT ADDED ENTRY--TOPICAL TERM | |
| Topical Term | Spectral theory |
| 650 ## - SUBJECT ADDED ENTRY--TOPICAL TERM | |
| Topical Term | Toeplitz operator |
| 650 ## - SUBJECT ADDED ENTRY--TOPICAL TERM | |
| Topical Term | Fredholm operator |
| 700 ## - ADDED ENTRY--PERSONAL NAME | |
| Personal name | Goldberg, Seymour |
| 700 ## - ADDED ENTRY--PERSONAL NAME | |
| Personal name | Kaashoek, Marinus A |
| 856 ## - ELECTRONIC LOCATION AND ACCESS | |
| Uniform Resource Identifier | https://doi.org/10.1007/978-3-0348-7509-7 |
| 942 ## - ADDED ENTRY ELEMENTS (KOHA) | |
| Source of classification or shelving scheme | Dewey Decimal Classification |
| Koha item type | Book |
| Withdrawn status | Lost status | Source of classification or shelving scheme | Damaged status | Not for loan | Collection code | Home Library | Current Location | Shelving location | Date acquired | Source of acquisition | Cost, normal purchase price | Full call number | Accession Number | Price effective from | Koha item type |
|---|---|---|---|---|---|---|---|---|---|---|---|---|---|---|---|
| Dewey Decimal Classification | Gift or donation | Dept. of Mathematics | Dept. of Mathematics | General Stacks | 08/01/2026 | Donated by Dr. Krishna Kumar G on the completion of SERB sponsored project (UO. No: Ad.F1/1373/2021 dated 22/01/2024) | 7181.66 | 515.7246 GOH-C | MATG258 | 16/01/2026 | Book |
